00412nam a2200169Ia 4500003000400000005001700004008004100021040000700062041000800069082001900077100002100096245004000117260004000157365001300197650001400210650001800224OSt20230530110742.0210423s2003 xx 000 0 und d cAL aeng a305.4 BARW223 aBARUAH (Arunima) aWomen in india: an exhaustive study aNew DelhibAnmol Publicationsc2003 b600cINR aSociology aWomen Studies